000 00607nem a2200217 i 4500
001 bg
245 0 0 _aTatry :
_bPodhale : atlas drogowy /
_coprac. wydawca.
255 _aSkala 1:17 500
260 _aKatowice :
_bWydawnictwo Kartograficzne "Mapy Ścienne" Beata Piętka,
_c[2006?].
300 _a128 s. :
_bmapy kolor. ;
_c30 cm.
504 _aIndeks miejscowości.
651 9 _aTatry
655 _aMapy samochodowe
020 _a8373453067
040 _cBPK
041 0 _apol
080 _a912:656.1](438)
920 _a83-7345-306-7
942 _cMP
008 s pl f |000 0 pol
999 _c35249
_d35249
856 _uhttp://koha.tu.koszalin.pl/cgi-bin/koha/opac-detail.pl?biblionumber=35249
_yKatalog online BPK